| 000 | 00491nam a2200145Ia 4500 | ||
|---|---|---|---|
| 008 | 230917s9999||||xx |||||||||||||| ||und|| | ||
| 040 |
_e183443 _aMAIN |
||
| 041 | _aEnglish | ||
| 082 | _a327.42 D659M:D(6) | ||
| 100 | _aMedlicott, W N, ed. | ||
| 245 | 0 | _aDocuments on British foreign policy 1919-1939. Series IA. V6- The young report and the Hague conference: Security questions 1928-1929 | |
| 260 |
_aLondon _bHer Majesty's Stationery Office _c1975 |
||
| 300 | _alv, 880 p. | ||
| 942 | _cBK | ||
| 999 |
_c229707 _d229707 |
||